000 00994nam0a22002651 4500
001 rc\4829820
005 20130426141221.6
035 _a(NLR Aleph) 008804904
090 _a8125213
_c8125213
100 _a20130426d1963 |||y0rusy50 ca
101 0 _arus
102 _aRU
105 _aa j |||||
200 1 _aКонструкция и расчет танков
_e[Учебник]
_fВоен. ордена Ленина акад. бронетанковых войск
210 _aМосква
_cБ. и.
_d1963
215 _a541 с., 13 л. ил.
_cил.
_d23
300 _aПеред загл. авт.: канд. техн. наук доц., инж.-полк. К.А. Талу. На обл. авт. не указан
320 _aБиблиогр.: с. 536-538
333 _aПродаже не подлежит
700 1 _aТалу
_bК. А.
_gКарл Антонович
801 0 _aRU
_bNLR
_gpsbo
801 1 _aRU
_bELAR
_2rusmarc
852 _aNLR
_j63-5/4609
942 _cBOOK
980 _aNB